| 000 | 00765nam a2200229 a 4500 | ||
|---|---|---|---|
| 001 | 40517 | ||
| 003 | BD-RjUL | ||
| 005 | 20211209053231.0 | ||
| 008 | 160503s1981 bg ||||| |||| 00| 0 ben d | ||
| 020 | _c: TK 14.00 | ||
| 035 | _a(BD-RjUL)40632 | ||
| 040 |
_aBD-RjUL _bben _cBD-RjUL |
||
| 041 | _aben | ||
| 082 |
_223 _a297 _bTAS 1981 |
||
| 100 |
_aতর্কাবাগীশ, আবদুর রশীদ _9124779 |
||
| 245 | 1 | 0 |
_aসমকালীন জীবনবোধ / _cআবদুর রশীদ তর্কাবাগীশ |
| 260 |
_aঢাকা : _bসুকথা, _c১৯৮১ |
||
| 300 |
_a[৬], ৮৮ পৃ. ; _c২১ সেমি. |
||
| 650 |
_aইসলাম _9124780 |
||
| 650 |
_aIslam _9124781 |
||
| 942 |
_2ddc _cBK |
||
| 999 |
_c40517 _d40517 |
||